Trombinoscope - Acteurs francophones - Statistiques

Statistiques générales
  • Ce quiz a été pris 338 fois
  • Le résultat moyen est 36 sur 100
Statistiques - réponses
Hint Réponse % Correct
Gérard Depardieu
86%
Louis de Funès
82%
Vincent Cassel
80%
Jonathan Cohen
80%
Ramzy Bedia
78%
François Damiens
76%
Jean-Paul Belmondo
76%
Daniel Auteuil
75%
Laurent Lafitte
75%
Fabrice Luchini
69%
Christian Clavier
68%
Alain Delon
68%
Jacques Villeret
67%
Romain Duris
66%
Bourvil
66%
Samy Naceri
65%
François Cluzet
65%
Vincent Lindon
65%
Fernandel
65%
Lambert Wilson
62%
Mathieu Kassovitz
61%
Benoît Magimel
61%
Pierre Richard
60%
Jean Rochefort
59%
Michel Galabru
59%
Roschdy Zem
57%
Jean Gabin
56%
Tahar Rahim
55%
Lino Ventura
55%
Claude Brasseur
52%
André Dussollier
50%
Pierre Arditi
49%
Jean-Pierre Darroussin
49%
Patrick Dewaere
49%
Jacques Dutronc
46%
Mathieu Amalric
43%
Yves Montand
43%
Jean-Pierre Marielle
43%
Damouré Zika
41%
Vincent Macaigne
41%
Guy Marchand
40%
Pierre Lottin
39%
Jean Lefebvre
39%
Reda Kateb
38%
Jean-Claude Brialy
36%
Michel Piccoli
36%
Michel Serrault
36%
Serge Reggiani
34%
Philippe Noiret
34%
Jean Marais
33%
Michael Lonsdale
30%
Maurice Chevalier
30%
Bruno Cremer
30%
Jacques Perrin
30%
Isaach de Bankolé
30%
Jean-Louis Trintignant
30%
Jean Yanne
30%
Jean-Pierre Cassel
30%
Bernard Ménez
28%
Claude Piéplu
28%
Luis Rego
27%
Melvil Poupaud
26%
Patrick Bouchitey
25%
Gérard Philippe
22%
Daniel Gélin
22%
Michel Simon
22%
Jean-François Stévenin
21%
Max Linder
20%
Jean-Pierre Léaud
20%
Denis Lavant
20%
Raimu
20%
Jean-Luc Bideau
20%
Michel Bouquet
19%
Bastien Bouillon
19%
Olivier Gourmet
16%
Charles Denner
15%
Pierre Brasseur
15%
Pascal Greggory
14%
Paul Meurisse
14%
Sacha Guitry
13%
Laurent Terzieff
12%
Pierre Fresnay
11%
Sami Frey
11%
Jacques Tati
9%
Noël-Noël
8%
Alain Cuny
8%
Jean-Christophe Bouvet
7%
Howard Vernon
5%
Gérard Blain
5%
Jules Berry
5%
Marcel Dalio
5%
Pierre Étaix
4%
Pierre Clémenti
4%
Gérard Meylan
4%
Robert Le Vigan
4%
Charles Boyer
3%
Pascal Cervo
2%
Michel Subor
1%
Harry Baur
1%
Albert Dieudonné
1%
Aucun quiz correspondant
Distribution des résultats
% des personnes avec chaque résultat
Percentile par nombre de réponses
Votre historique - résultats
Vous n’avez pas pris ce quiz